=LDR 00000nam 2200000 4500 =001 INLIS000000000026103 =005 20130612124550 =008 ***********************************Ind** =035 ##$$0010-061300000026103 =041 ##$$a Ind =082 ##$$a 2x7.3 =090 ##$$a 2x7.3, Sha a =100 ##$$a Ash-Shawwaf, Muhammad Syarif =245 ##$$a ABG, kiat-kiat efektif mendidik anak dan remaja, Muhammad Syarif Ash-Shawwaf =260 ##$$a 2003 $b Jakarta =300 ##$$a 265 hlm, 21 cm =650 ##$$a Mendidik anak (islam) =850 ##$$a NBPNMAT